000 004340000a22001690004500
003 MACL
005 20160122171715.0
008 160122b xxu||||| |||| 00| 0 eng d
040 _aMACL
_cMACL
041 _aEnglish
082 _a647.940/MAL
100 _aMalhotra, Dr. A M
_96148
245 _aGotel management
260 _bBright Careers institus
_c2003
_aNew Delhi
650 _aManagement
_934179
942 _cBK
_k647.940/Mal
_2ddc
999 _c31763
_d31763